00307nam a2200109Ia 4500008004100000041000800041082001400049100001200063245006700075260004700142300000800189220803s9999 xx 000 0 und d aeng a741.2 DOS aDoshi B aCanvas Of Modern Masters : Architectural Legacies Of Ahmedabad b"Vastu Shilpa Foundation, Ahmedabad"c2000 a24p